Statistiques concernant Divinités de fiction

Cliquez ici pour prendre le quiz!

Statistiques générales

  • Ce quiz a été pris 34 fois
  • Le résultat moyen est 7 sur 33

Statistiques - réponses

DescriptionDivinité% Correct
Etre divin membre des AvengersThor
86%
Père de Percy JacksonPoséidon
76%
Parfois nommé "aux mille bras", il est
le créateur de l'univers dans Pokémon
Arceus
72%
Héros de God of WarKratos
72%
Dieu de la destruction le plus connu
de l'univers de Dragon Ball
Beerus
59%
Shinigami qui accompagne le héros de
Death Note
Ryuk
59%
Ennemi le plus puissant et le plus
ancien d'Athéna dans Saint Seiya
Hadès
41%
Déesse antagoniste finale de
Naruto Shippuden
Kaguya
28%
Antagoniste de Final Fantasy inclus
à Super Smash Bros Ultimate
Sephiroth
21%
Menace de R'lyeh dans l'univers de
Lovecraft
Cthulhu
17%
Seigneur du mal originel de la saga
Le Seigneur des Anneaux
Morgoth
17%
Dieu créateur des TransformersPrimus
17%
Dieu qui se retrouve transformé en
mortel dans une suite de Percy Jackson
Apollon
14%
Déesse du Courage de l'univers de
Zelda
Farore
14%
Le Dieu égyptien "dragon du ciel"
dans Yu-Gi-Oh!
Slifer
10%
Déesse de la nature dans VaianaTe Fiti
10%
Dieu du Temps dans WakfuXélor
10%
Soeur de Dieu dans SupernaturalAmara
7%
Déesse dont le héros est la
réincarnation dans Okami
Amaterasu
7%
Dieu à qui Zeleph doit sa malédiction
dans Fairy Tail
Ankseram
7%
Dieu dont Jaqen H'Gar est le serviteur
dans Game of Thrones
Dieu multiface
7%
Divinité à qui les églises du monde de
Dragon Quest sont consacrées
La Déesse
7%
Mère des Nephalems, antagoniste de
l'univers Diablo
Lilith
7%
Dieu qui combat dans le camp des
humains dans Valkyrie Apocalypse
Bouddha
3%
Dieu de la vie et de la mort dans
Princesse Mononoke
Esprit de la forêt
3%
Ancien dieu de Skypiea dans One PieceGanforr
3%
Dieu de la mort excentrique armé d'une
tronçonneuse dans Black Butler
Grell
3%
Déesse des araignées dans l'univers
de Donjons & Dragons
Lolth
3%
Déesse mère dont le culte est le plus
répandu dans les Royaumes du Nord
dans The Witcher
Melitele
3%
Dieu principal du panthéon des Neuf
Divins dans Elder Scrolls
Akatosh
0%
Plus grosse des deux lunes d'Azeroth
dans World of Warcraft
Elune
0%
Divinités bienveillantes de Final Fantasy
révélées dans le quatorzième opus
Final Fantasy
0%
Divinité principale des chouettes dans
Les Gardiens de Ga'Hoole
Glaucis
0%

Distribution des résultats

Percentile par nombre de réponses

% des personnes avec chaque résultat

Votre développement - résultats

Vous n’avez pas pris ce quiz